BIBLIOTHÈQUE DE LA MAISON DU MEXIQUE

Logo 1 Logo 2

Introducción a "El ser y el tiempo" de Martin Heidegger (notice nᵒ 12359)

détails MARC
000 -Sello discográfico
campo de control de longitud fija 00915nam a2200301 4500
005 - Identificación de versión
campo de control 20251016083503.0
035 ## - Otros números de control del sistema
Número de control del sistema 8312
099 ## - fechas locales
Tipo de ítem Koha LIBRO
100 ## - Datos de procesamiento general
Datos de procesamiento general 19930801d19771951m y1spay5003 ba
105 ## - Campo de datos codificados: Material textual, monográfico
Datos codificados de monografía y 001zy
200 1# - Título y mención de responsabilidad
Título propio Introducción a "El ser y el tiempo" de Martin Heidegger
Designación general del material texto impreso
Primer mención de responsabilidad José Gaos
205 ## - Declaración de edición
Declaración de edición 1a reimpr de la 2a ed aum y rev
210 ## - Publicación, distribución, etc.
Lugar de publicación, distribución, etc. México
Nombre del editor, distribuidor, etc. Fondo de Cultura Económica
Fecha de publicación, distribución, etc. 1977
215 ## - Descripción física
Designación de material específico y extensión del ítem 150 p
Dimensiones 21 cm
345 ## - Nota de información de adquisición
Fuente de adquisición/dirección de la suscripción [OBSOLETO] Donación
410 #1 - Series
Título Sección de Obras de Filosofía
600 ## - Nombre personal usado como materia
Elemento de entrada Heidegger
Parte del nombre distinta del elemento de entrada Martin
Fechas 1889-1976
Número Koha 6755
606 ## - Término temático usado como materia
Elemento de entrada Filosofía
Número Koha 1395
606 ## - Término temático usado como materia
Elemento de entrada Ontología
Número Koha 4207
700 ## - Nombre personal - Responsabilidad primaria
Elemento de entrada Gaos y González-Pola
Parte del nombre distinta del elemento de entrada José
Fechas 1900-1969
Número Koha 3491
801 #0 - Fuente de origen
Agencia cm
900 ## -
-- 1/9165
900 ## -
-- 710934825\\010893
942 ## - ELEMENTOS DE ENTRADA SECUNDARIOS (KOHA)
Tipo de ítem Koha Livre
996 ## -
-- MEX
-- 751145101
-- MMAG
-- 005056
-- 193 G11I
-- 20210608LIV
Exemplaires
Estatus retirado Estado de daño Estado de pérdida Fecha de adquisición Biblioteca de origen Biblioteca actual Ubicación en estantería Código de barras Precio de reemplazo Signatura topográfica completa No para préstamo Tipo de ítem Koha Nota pública Nota no pública
      05/08/2025 Casa México Paris Casa México Paris   005056 05/08/2025 193 G11I   Livre 20210608LIV 751145101